[Event "Floripa Super Blitz 2019"]
[Site "Florianopolis"]
[Date "2019.01.23"]
[Round "5"]
[White "Fier, Alexandr"]
[Black "Stamenkovic, Dragan"]
[Result "1-0"]
[WhiteElo "2540"]
[BlackElo "2378"]
[Annotator "ChessBase"]
[PlyCount "99"]
[EventDate "2019.01.23"]
[EventType "swiss"]
[EventCountry "BRA"]
[SourceTitle "playchess.com"]
[Source "ChessBase"]
[SourceQuality "1"]
[TimeControl "180+2"]

1. e4 {[%emt 0:00:00]} c5 {[%emt 0:00:00]} 2. Nf3 {[%emt 0:00:01]} d6 {[%emt 0:00:01]} 3. d4 {[%emt 0:00:01]} cxd4 {[%emt 0:00:02]} 4. Nxd4 {[%emt 0:00:01]} Nf6 {[%emt 0:00:01]} 5. Nc3 {[%emt 0:00:00]} g6 {[%emt 0:00:01]} 6. Be3 {[%emt 0:00:02]} Bg7 {[%emt 0:00:04]} 7. Be2 {[%emt 0:00:01]} O-O {[%emt 0:00:04]} 8. Qd2 {[%emt 0:00:01]} Nc6 {[%emt 0:00:06]} 9. O-O-O {[%emt 0:00:01]} Ng4 {[%emt 0:00:08]} 10. Bxg4 {[%emt 0:00:01]} Bxg4 {[%emt 0:00:01]} 11. f3 {[%emt 0:00:01]} Bd7 {[%emt 0:00:01]} 12. g4 {[%emt 0:00:04]} Ne5 {[%emt 0:00:14]} 13. b3 {[%emt 0:00:01]} Qa5 {[%emt 0:00:05]} 14. Kb1 {[%emt 0:00:03]} Nxf3 {[%emt 0:00:03]} 15. Nxf3 {[%emt 0:00:13]} Bxc3 {[%emt 0:00:02]} 16. Qg2 {[%emt 0:00:01]} Rac8 {[%emt 0:00:09]} 17. Bd4 {[%emt 0:00:01]} Bc6 {[%emt 0:00:33]} 18. Bxc3 {[%emt 0:00:08]} Qxc3 {[%emt 0:00:01]} 19. Nd4 {[%emt 0:00:01]} Rc7 {[%emt 0:00:24]} 20. h4 {[%emt 0:00:01]} e5 {[%emt 0:00:17]} 21. Nxc6 {[%emt 0:00:41]} Rxc6 {[%emt 0:00:02]} 22. h5 {[%emt 0:00:01]} Rfc8 {[%emt 0:00:04]} 23. Rh2 {[%emt 0:00:05]} a5 {[%emt 0:00:13]} 24. hxg6 {[%emt 0:00:01]} fxg6 {[%emt 0:00:01]} 25. Qf2 {[%emt 0:00:38]} R6c7 {[%emt 0:00:46]} 26. Rxd6 {[%emt 0:00:33]} a4 {[%emt 0:00:10]} 27. Qd2 {[%emt 0:00:06]} Qxd2 {[%emt 0:00:10]} 28. Rhxd2 {[%emt 0:00:01]} a3 {[%emt 0:00:06]} 29. R6d5 {[%emt 0:00:01]} Rc5 {[%emt 0:00:04]} 30. c4 {[%emt 0:00:00]} Kg7 {[%emt 0:00:01]} 31. Kc2 {[%emt 0:00:01]} Kh6 {[%emt 0:00:01]} 32. Rh2+ {[%emt 0:00:02]} Kg5 {[%emt 0:00:01]} 33. Rxh7 {[%emt 0:00:01]} b5 {[%emt 0:00:03]} 34. Re7 {[%emt 0:00:09]} Rxd5 {[%emt 0:00:04]} 35. exd5 {[%emt 0:00:01]} bxc4 {[%emt 0:00:02]} 36. Rxe5+ {[%emt 0:00:02]} Kf4 {[%emt 0:00:00]} 37. Re6 {[%emt 0:00:01]} g5 {[%emt 0:00:02]} 38. d6 {[%emt 0:00:04]} Kxg4 {[%emt 0:00:02]} 39. b4 {[%emt 0:00:03]} Kf5 {[%emt 0:00:02]} 40. Re7 {[%emt 0:00:01]} Rd8 {[%emt 0:00:02]} 41. d7 {[%emt 0:00:09]} Kf6 {[%emt 0:00:01]} 42. Re3 {[%emt 0:00:05]} Rxd7 {[%emt 0:00:01]} 43. Rxa3 {[%emt 0:00:02]} g4 {[%emt 0:00:03]} 44. Rc3 {[%emt 0:00:03]} Rd4 {[%emt 0:00:09]} 45. a4 {[%emt 0:00:01]} Kf5 {[%emt 0:00:00]} 46. a5 {[%emt 0:00:01]} Kf4 {[%emt 0:00:01]} 47. a6 {[%emt 0:00:01]} Rd6 {[%emt 0:00:01]} 48. b5 {[%emt 0:00:02]} Rd3 {[%emt 0:00:02]} 49. Rxc4+ {[%emt 0:00:01]} Kf3 {[%emt 0:00:00]} 50. Kxd3 {[%emt 0:00:01] Ke4+ Kxe4} 1-0

[Event "Floripa Super Blitz 2019"]
[Site "Florianopolis"]
[Date "2019.01.23"]
[Round "5"]
[White "Sunye Neto, Jaime"]
[Black "Araujo, Adalberto Marcos"]
[Result "1/2-1/2"]
[WhiteElo "2446"]
[BlackElo "2213"]
[Annotator "NA RC"]
[PlyCount "100"]
[EventDate "2019.01.23"]
[EventType "swiss"]
[EventCountry "BRA"]
[SourceTitle "playchess.com"]
[Source "ChessBase"]
[SourceQuality "1"]
[TimeControl "180+2"]

1. c4 {[%emt 0:00:00]} c5 {[%emt 0:00:00]} 2. Nf3 {[%emt 0:00:02]} g6 {[%emt 0:00:06]} 3. d4 {[%emt 0:00:02]} cxd4 {[%emt 0:00:01]} 4. Nxd4 {[%emt 0:00:01]} Bg7 {[%emt 0:00:03]} 5. e4 {[%emt 0:00:02]} Nc6 {[%emt 0:00:02]} 6. Be3 {[%emt 0:00:01]} Nf6 {[%emt 0:00:01]} 7. Nc3 {[%emt 0:00:02]} Ng4 {[%emt 0:00:17]} 8. Qxg4 {[%emt 0:00:02]} Nxd4 {[%emt 0:00:01]} 9. Qd1 {[%emt 0:00:02]} Ne6 {[%emt 0:00:01]} 10. Qd2 {[%emt 0:00:01]} d6 {[%emt 0:00:06]} 11. Be2 {[%emt 0:00:04]} O-O {[%emt 0:00:02]} 12. O-O {[%emt 0:00:04]} Bd7 {[%emt 0:00:10]} 13. Rfd1 {[%emt 0:00:06]} Rc8 {[%emt 0:00:20]} 14. Rac1 {[%emt 0:00:05]} Re8 {[%emt 0:00:05]} 15. b3 {[%emt 0:00:08]} Bc6 {[%emt 0:00:05]} 16. f3 {[%emt 0:00:04]} Qa5 {[%emt 0:00:05]} 17. Nd5 {[%emt 0:00:15]} Qxd2 {[%emt 0:00:04]} 18. Rxd2 {[%emt 0:00:02]} b6 {[%emt 0:00:01]} 19. Kf2 {[%emt 0:00:10]} f5 {[%emt 0:00:10]} 20. exf5 {[%emt 0:00:05]} gxf5 {[%emt 0:00:01]} 21. f4 {[%emt 0:00:10]} Nc5 {[%emt 0:00:11]} 22. Bf3 {[%emt 0:00:05]} e6 {[%emt 0:00:13]} 23. Nb4 {[%emt 0:00:20]} Bxf3 {[%emt 0:00:08]} 24. Kxf3 {[%emt 0:00:02]} Ne4 {[%emt 0:00:02]} 25. Rdc2 {[%emt 0:00:01]} Kf7 {[%emt 0:00:06]} 26. Nd3 {[%emt 0:00:04]} Ke7 {[%emt 0:00:09]} 27. Nf2 {[%emt 0:00:03]} Nxf2 {[%emt 0:00:01]} 28. Bxf2 {[%emt 0:00:02]} Rc6 {[%emt 0:00:04]} 29. a4 {[%emt 0:00:06]} Rec8 {[%emt 0:00:03]} 30. Ke2 {[%emt 0:00:03]} d5 {[%emt 0:00:07]} 31. Kd3 {[%emt 0:00:06]} dxc4+ {[%emt 0:00:01]} 32. Rxc4 {[%emt 0:00:01]} Rd6+ {[%emt 0:00:05]} 33. Ke2 {[%emt 0:00:02]} Rxc4 {[%emt 0:00:02]} 34. Rxc4 {[%emt 0:00:01]} e5 {[%emt 0:00:05]} 35. fxe5 {[%emt 0:00:03]} Bxe5 {[%emt 0:00:01]} 36. h3 {[%emt 0:00:03]} Ke6 {[%emt 0:00:05]} 37. b4 {[%emt 0:00:14]} Rd7 {[%emt 0:00:10]} 38. Rc6+ {[%emt 0:00:08]} Rd6 {[%emt 0:00:01]} 39. Rc8 {[%emt 0:00:04]} Rd7 {[%emt 0:00:12]} 40. a5 {[%emt 0:00:16]} bxa5 {[%emt 0:00:03]} 41. bxa5 {[%emt 0:00:01]} a6 {[%emt 0:00:07]} 42. Ra8 {[%emt 0:00:05]} Rd6 {[%emt 0:00:03]} 43. Bb6 {[%emt 0:00:03]} Rc6 {[%emt 0:00:22]} 44. Rxa6 {[%emt 0:00:03]} Rc2+ {[%emt 0:00:01]} 45. Kd3 {[%emt 0:00:11]} Rxg2 {[%emt 0:00:02]} 46. Bd4+ {[%emt 0:00:09]} Kd5 {[%emt 0:00:01]} 47. Bxe5 {[%emt 0:00:01]} Kxe5 {[%emt 0:00:00]} 48. Rh6 {[%emt 0:00:02]} Ra2 {[%emt 0:00:05]} 49. a6 {[%emt 0:00:02]} Ra3+ {[%emt 0:00:02]} 50. Ke2 {[%emt 0:00:01]} Kf4 {[%emt 0:00:02]} 1/2-1/2

[Event "Floripa Super Blitz 2019"]
[Site "Florianopolis"]
[Date "2019.01.23"]
[Round "5"]
[White "Borges, Guilherme Deola"]
[Black "Cubas, Jose Fernando"]
[Result "0-1"]
[WhiteElo "2171"]
[BlackElo "2506"]
[Annotator "ChessBase"]
[PlyCount "86"]
[EventDate "2019.01.23"]
[EventType "swiss"]
[EventCountry "BRA"]
[SourceTitle "playchess.com"]
[Source "ChessBase"]
[SourceQuality "1"]
[TimeControl "180+2"]

1. d4 {[%emt 0:00:00]} d5 {[%emt 0:00:00]} 2. c4 {[%emt 0:00:02]} Nc6 {[%emt 0:00:01]} 3. Nf3 {[%emt 0:00:05]} Bg4 {[%emt 0:00:02]} 4. e3 {[%emt 0:00:13]} e6 {[%emt 0:00:02]} 5. Nc3 {[%emt 0:00:03]} Bb4 {[%emt 0:00:04]} 6. h3 {[%emt 0:00:08]} Bxf3 {[%emt 0:00:06]} 7. Qxf3 {[%emt 0:00:02]} Nf6 {[%emt 0:00:00]} 8. Bd2 {[%emt 0:00:09]} Bxc3 {[%emt 0:00:05]} 9. Bxc3 {[%emt 0:00:01]} Ne4 {[%emt 0:00:02]} 10. Rc1 {[%emt 0:00:13]} O-O {[%emt 0:00:02]} 11. Bd3 {[%emt 0:00:06]} f5 {[%emt 0:00:02]} 12. O-O {[%emt 0:00:16]} a5 {[%emt 0:00:01]} 13. Bxe4 {[%emt 0:00:37]} fxe4 {[%emt 0:00:04]} 14. Qg3 Rf6 {[%emt 0:00:06]} 15. f4 {[%emt 0:00:10]} Ne7 {[%emt 0:00:24]} 16. Qe1 {[%emt 0:00:07]} Rh6 {[%emt 0:00:01]} 17. Bxa5 {[%emt 0:00:06]} b6 {[%emt 0:00:06]} 18. Bb4 {[%emt 0:00:01]} Nf5 {[%emt 0:00:01]} 19. a3 {[%emt 0:00:04]} c6 {[%emt 0:00:40]} 20. cxd5 {[%emt 0:00:02]} cxd5 {[%emt 0:00:02]} 21. Rc6 {[%emt 0:00:06]} Rc8 {[%emt 0:00:06]} 22. Rxc8 {[%emt 0:00:12]} Qxc8 {[%emt 0:00:00]} 23. Qd2 {[%emt 0:00:05]} Qd8 {[%emt 0:00:17]} 24. Rc1 {[%emt 0:00:03]} Rg6 {[%emt 0:00:05]} 25. Qc3 {[%emt 0:00:10]} h5 {[%emt 0:00:14]} 26. Qc8 {[%emt 0:00:25]} Qxc8 {[%emt 0:00:01]} 27. Rxc8+ {[%emt 0:00:01]} Kh7 {[%emt 0:00:01]} 28. Rc3 {[%emt 0:00:02]} Nh4 {[%emt 0:00:01]} 29. Rc2 {[%emt 0:00:04]} Nf5 {[%emt 0:00:33]} 30. Re2 {[%emt 0:00:12]} Rf6 {[%emt 0:00:04]} 31. Kf2 {[%emt 0:00:04]} h4 {[%emt 0:00:02]} 32. Rc2 {[%emt 0:00:06]} g5 {[%emt 0:00:02]} 33. Bd2 {[%emt 0:00:06]} gxf4 {[%emt 0:00:02]} 34. exf4 {[%emt 0:00:01]} Nxd4 {[%emt 0:00:05]} 35. Rc7+ {[%emt 0:00:01]} Kg6 {[%emt 0:00:02]} 36. Bc3 {[%emt 0:00:01]} e5 {[%emt 0:00:07]} 37. Ke3 {[%emt 0:00:05]} Nf5+ {[%emt 0:00:07]} 38. Kd2 {[%emt 0:00:01]} d4 {[%emt 0:00:01]} 39. fxe5 {[%emt 0:00:02]} dxc3+ {[%emt 0:00:02]} 40. Kxc3 {[%emt 0:00:01]} Re6 {[%emt 0:00:02]} 41. Rc8 {[%emt 0:00:05]} Rxe5 {[%emt 0:00:03]} 42. Rg8+ {[%emt 0:00:01]} Kf7 {[%emt 0:00:01]} 43. Rh8 {[%emt 0:00:01]} e3 {[%emt 0:00:01]} 0-1

[Event "Floripa Super Blitz 2019"]
[Site "Florianopolis"]
[Date "2019.01.23"]
[Round "5"]
[White "Ulloa, Gabriel"]
[Black "Quintiliano Pinto, Renato R."]
[Result "0-1"]
[WhiteElo "2068"]
[BlackElo "2441"]
[Annotator "NA"]
[PlyCount "64"]
[EventDate "2019.01.23"]
[EventType "swiss"]
[EventCountry "BRA"]
[SourceTitle "playchess.com"]
[Source "ChessBase"]
[SourceQuality "1"]
[TimeControl "180+2"]

1. e4 {[%emt 0:00:00]} c5 {[%emt 0:00:00]} 2. Nf3 {[%emt 0:00:00]} d6 {[%emt 0:00:00]} 3. Nc3 {[%emt 0:00:01]} a6 {[%emt 0:00:01]} 4. d4 {[%emt 0:00:02]} cxd4 {[%emt 0:00:01]} 5. Nxd4 {[%emt 0:00:01]} Nf6 {[%emt 0:00:01]} 6. Qf3 {[%emt 0:00:01]} Nbd7 {[%emt 0:00:04]} 7. h3 {[%emt 0:00:08]} g6 {[%emt 0:00:12]} 8. Be3 {[%emt 0:00:04]} e5 {[%emt 0:00:05]} 9. Nb3 {[%emt 0:00:06]} b5 {[%emt 0:00:03]} 10. O-O-O {[%emt 0:00:16]} Bb7 {[%emt 0:00:13]} 11. Bg5 {[%emt 0:00:04]} Be7 {[%emt 0:00:20]} 12. Kb1 {[%emt 0:00:07]} Rc8 {[%emt 0:00:06]} 13. Bh6 {[%emt 0:00:24]} Qc7 {[%emt 0:00:23]} 14. Bd3 {[%emt 0:00:21]} b4 {[%emt 0:00:29]} 15. Nd5 {[%emt 0:00:10]} Nxd5 {[%emt 0:00:02]} 16. exd5 {[%emt 0:00:01]} Nf6 {[%emt 0:00:32]} 17. Be4 {[%emt 0:01:05]} Nxe4 {[%emt 0:00:08]} 18. Qxe4 {[%emt 0:00:01]} f5 {[%emt 0:00:04]} 19. Qe2 {[%emt 0:00:01]} Qc4 {[%emt 0:00:11]} 20. Qxc4 {[%emt 0:00:09]} Rxc4 {[%emt 0:00:01]} 21. Na5 {[%emt 0:00:00]} Rc7 {[%emt 0:00:00]} 22. Nxb7 {[%emt 0:00:01]} Rxb7 {[%emt 0:00:01]} 23. h4 {[%emt 0:00:21]} Kf7 {[%emt 0:00:04]} 24. g3 {[%emt 0:00:08]} Rc8 {[%emt 0:00:02]} 25. Rhe1 {[%emt 0:00:04]} Bf6 {[%emt 0:00:06]} 26. Re2 {[%emt 0:00:03]} Rc4 {[%emt 0:00:02]} 27. Bc1 {[%emt 0:00:05]} Rb5 {[%emt 0:00:02]} 28. Be3 {[%emt 0:00:03]} h5 {[%emt 0:00:02]} 29. Red2 {[%emt 0:00:01]} f4 {[%emt 0:00:13]} 30. gxf4 {[%emt 0:00:05]} exf4 {[%emt 0:00:01]} 31. Ba7 {[%emt 0:00:02]} Bxh4 {[%emt 0:00:03]} 32. Bb8 {[%emt 0:00:02]} Rxb8 {[%emt 0:00:02]} 0-1

[Event "Floripa Super Blitz 2019"]
[Site "Florianopolis"]
[Date "2019.01.23"]
[Round "6"]
[White "Cubas, Jose Fernando"]
[Black "Fier, Alexandr"]
[Result "0-1"]
[WhiteElo "2506"]
[BlackElo "2540"]
[Annotator "TA"]
[PlyCount "102"]
[EventDate "2019.01.23"]
[EventType "swiss"]
[EventCountry "BRA"]
[SourceTitle "playchess.com"]
[Source "ChessBase"]
[SourceQuality "1"]

{[%evp 19,102,-5,-5,-14,-8,-4,0,0,29,13,8,10,29,0,51,41,59,54,60,49,48,32,28,14,34,49,45,0,0,0,0,0,0,0,51,51,60,56,84,82,81,47,65,70,114,108,262,262,247,251,258,254,357,343,379,373,328,201,247,259,237,-102,-125,-184,-167,-437,-437,-402,-373,-6012,-6012,-5418,-2877,-1849,-1741,-29984,-29985,-29987,-29983,-29987,-29987,-29992,-29993,-29994,-29994]} 1. Nc3 c5 2. e4 e6 3. g3 Nc6 4. Bg2 g6 5. d3 Bg7 6. f4 d6 7. Nf3 Nge7 8. O-O O-O 9. Be3 b6 10. Bf2 Ba6 11. Re1 {B25: Closed Sicilian: 3 g3, lines without early Be3} Qd7 12. d4 cxd4 13. Nxd4 {The position is equal.} Rac8 14. a4 $146 ({Predecessor:} 14. Qd2 Na5 15. Rad1 Nc4 16. Qc1 e5 17. Nde2 exf4 18. Nxf4 Nxb2 {½-½ (141) Larino Nieto,D (2467)-Cruz,C (2523) Elgoibar 2009}) 14... Rfd8 15. Ndb5 Bb7 16. Qd2 d5 (16... a6 $1 $11) 17. e5 $14 Ba8 18. Ne2 Na5 19. b3 Nec6 20. Ned4 Nxd4 21. Bxd4 Bc6 22. Nd6 Rc7 23. Bb2 Nb7 24. Nxb7 Bxb7 25. Bd4 Rdc8 26. c3 Ba6 ({Better is} 26... Bf8 $11) 27. b4 Bc4 28. a5 b5 29. g4 a6 30. h4 Qe7 31. Qf2 Bd3 32. Rad1 Bc4 $2 {[#]} (32... Rxc3 $16 33. Bxc3 Rxc3) 33. f5 $1 $18 exf5 34. gxf5 gxf5 {[#]} 35. Bh3 $1 Kh8 (35... Rc6 $142 36. Bxf5 Re8) 36. Bxf5 Rg8 37. Kh1 Rc6 {intending ...Rh6.} 38. Rg1 Rh6 39. Rg4 Bxe5 {Strongly threatening ...Rxg4.} 40. Qg3 $2 (40. Qf4 $1 $18 Rxg4 41. Bxe5+ Rg7 42. Bxg7+ Kxg7 43. Rg1+ Rg6 44. Qd4+ (44. Bxg6 hxg6 45. Qd4+ Kh7 $16) 44... Kg8 45. Bxg6 hxg6 46. Rg5) 40... Rxg4 $40 {[%mdl 128] Black is out for blood.} 41. Bxe5+ (41. Qxe5+ $17 {might work better.} f6 42. Qb8+ Kg7 43. Bxg4 Rxh4+ 44. Bh3 Rxh3+ 45. Kg2) 41... f6 $19 {[%cal Bf7f6,Bf6e5][%mdl 32]} 42. Qxg4 $2 (42. Bxg4 fxe5 43. h5) 42... fxe5 43. h5 Qf7 44. Be4 $2 (44. Kg2 Be2 {[%mdl 64] Deflection} 45. Qxe2 Qxf5 46. Rd3 Rxh5 47. Rg3) 44... Qxh5+ 45. Qxh5 Rxh5+ 46. Kg1 dxe4 {[%cal Bd5e4,Be4e3,Be3e2][%mdl 32] KRB-KR} 47. Rd8+ Kg7 {Black mates.} 48. Rd7+ Kf8 49. Rd6 e3 50. Rxa6 e2 51. Kf2 Rh1 {Accuracy: White = 56%, Black = 38%.} 0-1

[Event "Floripa Super Blitz 2019"]
[Site "Florianopolis"]
[Date "2019.01.23"]
[Round "6"]
[White "Sunye Neto, Jaime"]
[Black "Granda Zuniga, Julio E"]
[Result "1/2-1/2"]
[WhiteElo "2446"]
[BlackElo "2641"]
[Annotator "TA"]
[PlyCount "57"]
[EventDate "2019.01.23"]
[EventType "swiss"]
[EventCountry "BRA"]
[SourceTitle "playchess.com"]
[Source "ChessBase"]
[SourceQuality "1"]

{[%evp 15,57,0,0,0,0,0,0,0,0,0,0,0,0,0,0,0,0,-14,0,0,0,0,0,-18,-18,-20,-14,-27,-15,-18,-18,-20,-16,-18,-18,-21,-17,-14,-5,-5,0,0,37,20]} 1. c4 e5 2. Nc3 Nf6 3. Nf3 Nc6 4. g3 Bb4 5. Bg2 Bxc3 6. dxc3 d6 7. O-O O-O 8. b3 Re8 9. Ne1 {[%cal Bf3e1,Be1c2,Bc2e3,Be3d5][%mdl 32] A29: English Opening: Four Knights Variation with 4 g3} e4 (9... Bf5 10. Nc2 Qd7 11. Ne3 Bh3 12. Nd5 Nxd5 13. cxd5 Ne7 14. c4 Ng6 15. e4 Bxg2 16. Kxg2 f5 17. exf5 Qxf5 {½-½ (66) Pribyl,J (2409)-Grigoriants,S (2490) Pardubice 2002}) 10. Nc2 Bf5 $146 ({Predecessor:} 10... h6 11. Ne3 Ng4 12. Nd5 f5 13. f3 Nf6 14. Qc2 exf3 15. exf3 Nb8 16. Rd1 Be6 17. Bh3 Bxd5 18. cxd5 c6 {1-0 (47) Sidorov,A (2319)-Alieva,A (1945) Samara 2014}) 11. Bg5 {The position is equal.} h6 12. Bxf6 Qxf6 13. Ne3 Bg6 14. Nd5 Qd8 15. Qd2 Ne7 16. f4 Nxd5 17. Qxd5 c6 18. Qd4 Bf5 19. e3 Qe7 20. Rad1 Red8 21. a4 a5 22. h3 h5 23. Kh2 Qe6 24. Qb6 Rd7 25. Qd4 Ra6 26. Qd2 Rb6 27. Qc2 Ra6 28. Rd4 {[%cal Rg2e4]} Re7 29. Rfd1 {Accuracy: White = 69%, Black = 70%.} 1/2-1/2

[Event "Floripa Super Blitz 2019"]
[Site "Florianopolis"]
[Date "2019.01.23"]
[Round "6"]
[White "Quintiliano Pinto, Renato R."]
[Black "Umetsubo, Cesar Hidemitsu"]
[Result "1-0"]
[WhiteElo "2441"]
[BlackElo "2407"]
[Annotator "NA"]
[PlyCount "39"]
[EventDate "2019.01.23"]
[EventType "swiss"]
[EventCountry "BRA"]
[SourceTitle "playchess.com"]
[Source "ChessBase"]
[SourceQuality "1"]
[TimeControl "180+2"]

1. e4 {[%emt 0:00:00]} e5 {[%emt 0:00:00]} 2. Nf3 {[%emt 0:00:01]} Nf6 {[%emt 0:00:00]} 3. Nc3 {[%emt 0:00:00]} Nc6 {[%emt 0:00:01]} 4. Bb5 {[%emt 0:00:01]} Bb4 {[%emt 0:00:04]} 5. O-O {[%emt 0:00:02]} O-O {[%emt 0:00:02]} 6. d3 {[%emt 0:00:00]} d6 {[%emt 0:00:02]} 7. Ne2 {[%emt 0:00:01]} Nh5 {[%emt 0:00:36]} 8. c3 {[%emt 0:00:05]} Ba5 {[%emt 0:00:01]} 9. a4 {[%emt 0:00:29]} a6 {[%emt 0:00:08]} 10. Bc4 {[%emt 0:00:02]} Be6 {[%emt 0:00:06]} 11. Be3 {[%emt 0:00:49]} Bxc4 {[%emt 0:00:11]} 12. dxc4 {[%emt 0:00:01]} f5 {[%emt 0:00:11]} 13. exf5 {[%emt 0:00:17]} Rxf5 {[%emt 0:00:01]} 14. b4 {[%emt 0:00:05]} Bb6 {[%emt 0:00:09]} 15. Bxb6 {[%emt 0:00:02]} cxb6 {[%emt 0:00:01]} 16. Ng3 {[%emt 0:00:02]} Nxg3 {[%emt 0:00:05]} 17. hxg3 {[%emt 0:00:01]} Rc8 {[%emt 0:00:18]} 18. Qd3 {[%emt 0:01:03]} Ra8 {[%emt 0:00:06]} 19. Qd1 {[%emt 0:00:02]} Ne7 {[%emt 0:00:22]} 20. Qd3 {[%emt 0:00:09]} 1-0

[Event "Floripa Super Blitz 2019"]
[Site "Florianopolis"]
[Date "2019.01.23"]
[Round "6"]
[White "Stamenkovic, Dragan"]
[Black "Rueda, Joaquin"]
[Result "1-0"]
[WhiteElo "2378"]
[BlackElo "1961"]
[Annotator "NA"]
[PlyCount "69"]
[EventDate "2019.01.23"]
[EventType "swiss"]
[EventCountry "BRA"]
[SourceTitle "playchess.com"]
[Source "ChessBase"]
[SourceQuality "1"]
[TimeControl "180+2"]

1. d4 {[%emt 0:00:00]} d5 {[%emt 0:00:00]} 2. Nf3 {[%emt 0:00:04]} Nf6 {[%emt 0:00:03]} 3. Bg5 {[%emt 0:00:03]} e6 {[%emt 0:00:04]} 4. e3 {[%emt 0:00:02]} c5 {[%emt 0:00:10]} 5. c3 {[%emt 0:00:03]} h6 {[%emt 0:00:02]} 6. Bh4 {[%emt 0:00:02]} Be7 {[%emt 0:00:08]} 7. Nbd2 {[%emt 0:00:02]} O-O {[%emt 0:00:03]} 8. Bd3 {[%emt 0:00:04]} Nc6 {[%emt 0:00:07]} 9. Ne5 {[%emt 0:00:15]} Qb6 {[%emt 0:00:48]} 10. Rb1 {[%emt 0:00:05]} cxd4 {[%emt 0:00:34]} 11. exd4 {[%emt 0:00:03]} Qc7 {[%emt 0:00:04]} 12. f4 {[%emt 0:00:06]} b6 {[%emt 0:00:14]} 13. O-O {[%emt 0:00:07]} Bb7 {[%emt 0:00:01]} 14. Qf3 {[%emt 0:00:11]} Nd7 {[%emt 0:00:12]} 15. Bg3 {[%emt 0:00:11]} Bd6 {[%emt 0:00:13]} 16. Rbe1 {[%emt 0:00:08]} Ne7 {[%emt 0:00:10]} 17. Bb5 {[%emt 0:00:25]} Nf6 {[%emt 0:00:07]} 18. Bd3 {[%emt 0:00:20]} Nf5 {[%emt 0:00:01]} 19. Bf2 {[%emt 0:00:01]} Be7 {[%emt 0:00:15]} 20. g4 {[%emt 0:00:11]} Nd6 {[%emt 0:00:00]} 21. f5 {[%emt 0:00:01]} Nfe4 {[%emt 0:00:05]} 22. Be3 {[%emt 0:00:08]} exf5 {[%emt 0:00:04]} 23. gxf5 {[%emt 0:00:04]} Bf6 {[%emt 0:00:06]} 24. Ng4 {[%emt 0:00:07]} Kh8 {[%emt 0:00:03]} 25. Bf4 {[%emt 0:00:02]} Qd7 {[%emt 0:00:02]} 26. Nxf6 {[%emt 0:00:14]} Nxf6 {[%emt 0:00:02]} 27. Be5 Nfe4 {[%emt 0:00:08]} 28. f6 {[%emt 0:00:10]} gxf6 {[%emt 0:00:02]} 29. Bxf6+ {[%emt 0:00:02]} Kh7 {[%emt 0:00:04]} 30. Kh1 {[%emt 0:00:17]} Rg8 {[%emt 0:00:01]} 31. Be5 {[%emt 0:00:10]} Qg4 {[%emt 0:00:02]} 32. Bxd6 {[%emt 0:00:07]} Qh4 {[%emt 0:00:02]} 33. Nxe4 {[%emt 0:00:05]} dxe4 34. Bxe4+ {[%emt 0:00:01]} Kh8 {[%emt 0:00:02]} 35. Bxb7 {[%emt 0:00:02]} 1-0

[Event "Floripa Super Blitz 2019"]
[Site "Florianopolis"]
[Date "2019.01.23"]
[Round "6"]
[White "Araujo, Adalberto Marcos"]
[Black "Molina, Roberto Junio Brito"]
[Result "0-1"]
[WhiteElo "2213"]
[BlackElo "2458"]
[Annotator "TA"]
[PlyCount "62"]
[EventDate "2019.01.23"]
[EventType "swiss"]
[EventCountry "BRA"]
[SourceTitle "playchess.com"]
[Source "ChessBase"]
[SourceQuality "1"]

{[%evp 9,62,-56,-52,-70,-63,-56,-40,-52,-53,-45,-62,-81,-58,-61,-22,-31,28,29,54,24,40,50,116,112,111,111,110,120,124,132,112,45,78,49,63,43,86,-85,-78,-79,-6,-68,-69,-311,-326,-320,-285,-355,-342,-354,-366,-421,-268,-29998,-29999]} 1. d4 d5 2. Nc3 Nf6 3. Bg5 Nbd7 4. f3 c6 5. Qd2 h6 6. Bh4 {D01: Veresov Opening} e5 7. e3 Be7 8. O-O-O {Black is slightly better.} exd4 9. exd4 O-O 10. Bd3 $146 ({Predecessor:} 10. g4 b5 11. Nh3 Nb6 12. Rg1 b4 13. Nb1 {1-0 (59) Khachiyan,M (2537)-Abrahamyan,T (2286) Los Angeles 2010}) 10... Re8 11. Nge2 Nf8 12. g4 {[%cal Bg2g4,Bg4g5][%mdl 32]} Ng6 (12... b5 $15) 13. Bg3 $11 Bd6 14. Bxd6 Qxd6 15. h4 Nh7 (15... h5 $1 $14) 16. g5 h5 17. f4 Bg4 18. Rdf1 Ne7 19. f5 g6 {[%cal Re7f5] [#]} 20. fxg6 ({White should play} 20. f6 $1 $16) 20... fxg6 $14 21. Nf4 Rf8 $1 22. Nce2 Rf7 23. Nc3 $2 (23. Rf2 $16) 23... Raf8 $17 {[%cal Rf7f4]} 24. Ng2 {[#]} Qg3 (24... Rxf1+ $1 $17 25. Rxf1 Rxf1+ 26. Bxf1 Nf5) 25. Rxf7 ({Better is} 25. Re1 $11) 25... Rxf7 $15 26. Rf1 $2 ({White should try} 26. Ne3 $15) 26... Rxf1+ $19 27. Bxf1 Nf5 28. Bd3 Nxh4 29. Nxh4 Qxh4 30. Bxg6 Nxg5 31. Qf4 $2 (31. b3 $19) 31... Qe1+ {Accuracy: White = 31%, Black = 51%.} 0-1

[Event "Floripa Super Blitz 2019"]
[Site "Florianopolis"]
[Date "2019.01.23"]
[Round "7"]
[White "Fier, Alexandr"]
[Black "Granda Zuniga, Julio E"]
[Result "1-0"]
[WhiteElo "2540"]
[BlackElo "2641"]
[Annotator "TA"]
[PlyCount "55"]
[EventDate "2019.01.23"]
[EventType "swiss"]
[EventCountry "BRA"]
[SourceTitle "playchess.com"]
[Source "ChessBase"]
[SourceQuality "1"]

{[%evp 12,55,13,25,39,48,29,47,48,39,48,48,48,42,48,48,48,48,48,48,48,48,48,48,48,48,56,32,66,48,68,62,70,67,129,137,146,72,306,291,341,349,319,324,436,434]} 1. e4 c6 2. d4 d5 3. e5 Bf5 4. h4 h5 5. Bd3 Bxd3 6. Qxd3 e6 7. Nf3 {LiveBook: 22 Games} Nh6 {B12: Caro-Kann: Advance Variation} (7... Qa5+ 8. Nbd2 Qa6 9. c4 Nd7 10. O-O Nh6 11. b3 Nf5 12. Qc3 Be7 13. a4 Qb6 14. a5 Qd8 15. g3 {½-½ (35) McShane,L (2672)-Fier,A (2558) Batumi 2018}) 8. Bxh6 Rxh6 9. O-O $146 ({Predecessor:} 9. Qb3 Qb6 10. Qxb6 axb6 11. O-O b5 12. Nbd2 Nd7 13. c3 Nb6 14. a3 Be7 15. Rac1 {1-0 (57) Daghan,D (1959)-Arat,U (2402) Istanbul 2016}) 9... Be7 {White is slightly better.} 10. g3 Kf8 11. c4 dxc4 12. Qxc4 Nd7 13. Nc3 Nb6 14. Qb3 Rg6 15. Kh2 Qd7 16. Rac1 Rd8 17. Rfd1 Kg8 18. Qc2 Rg4 19. Qe2 Qc7 20. a3 Nd5 21. Ne4 Qb6 22. Rc2 Qb5 (22... Rg6 $14) 23. Qxb5 $16 cxb5 {[#]} 24. Re1 ({White should try} 24. Nfg5 $1) 24... Nb6 $2 (24... f6 $16 {might work better.}) 25. Rc7 $1 $18 {[%csl LRb7,LRe7]} Rd7 26. Rxd7 Nxd7 27. Nfg5 f5 28. f3 {Precision: White = 84%, Black = 36%.} 1-0